[Event "Barcelona Sant Marti op 6th"]
[Site "Barcelona"]
[Date "2017.03.02"]
[Round "8"]
[White "Miralles Brugues, Rafael"]
[Black "Capellades Subirana, Marc"]
[Result "1/2-1/2"]
[WhiteElo "2113"]
[BlackElo "2259"]
[PlyCount "48"]
[EventDate "2017.01.12"]
[EventType "swiss"]
[EventRounds "9"]
[EventCountry "ESP"]
[SourceTitle "EXT 2018"]
[Source "ChessBase"]
[SourceDate "2017.10.13"]
[SourceVersion "1"]
[SourceVersionDate "2017.10.13"]
[SourceQuality "1"]

1. e4 e5 2. Nf3 Nc6 3. Bb5 a6 4. Bxc6 dxc6 5. d4 exd4 6. Qxd4 Qxd4 7. Nxd4 c5 8. Ne2 Bd7 9. Bf4 0-0-0 10. Nd2 Nf6 11. f3 h6 12. 0-0-0 g5 13. Bg3 Nh5 14. Be5 Rg8 15. g4 Re8 16. Bc3 Bb5 17. Ng3 Nf4 18. h4 Bd6 19. Nf5 Ne2+ 20. Kb1 Nxc3+ 21. bxc3 Rh8 22. c4 Bd7 23. Nxd6+ cxd6 24. Nf1 Kc7 1/2-1/2

[Event "Barcelona Sant Marti op 6th"]
[Site "Barcelona"]
[Date "2017.02.02"]
[Round "4"]
[White "Miralles Brugues, Rafael"]
[Black "Vargas Drechsler, Carlos"]
[Result "1/2-1/2"]
[WhiteElo "2113"]
[BlackElo "1903"]
[PlyCount "60"]
[EventDate "2017.01.12"]
[EventType "swiss"]
[EventRounds "9"]
[EventCountry "ESP"]
[SourceTitle "EXT 2018"]
[Source "ChessBase"]
[SourceDate "2017.10.13"]
[SourceVersion "1"]
[SourceVersionDate "2017.10.13"]
[SourceQuality "1"]

1. d4 d5 2. Nf3 c6 3. g3 Nf6 4. Bg2 Bf5 5. 0-0 e6 6. Nh4 Bg4 7. Re1 Bd6 8. c3 Nbd7 9. Nd2 0-0 10. Qb3 Qc7 11. e4 Nxe4 12. Nxe4 dxe4 13. Bxe4 Nf6 14. Bg2 a5 15. a4 Rfb8 16. Qc4 Nd5 17. Nf3 Nb6 18. Qe2 Nd7 19. h3 Bh5 20. c4 c5 21. g4 Bg6 22. b3 Re8 23. Bb2 Rad8 24. Nh4 cxd4 25. Nxg6 hxg6 26. Bxd4 Nc5 27. Bxc5 Bxc5 28. Red1 Qg3 29. Qf3 Qxf3 30. Bxf3 b6 1/2-1/2

[Event "La Pobla de Lillet op 19th"]
[Site "La Pobla de Lillet"]
[Date "2009.08.??"]
[Round "3"]
[White "Miralles Brugues, Rafael"]
[Black "Simon Padros, Emili"]
[Result "1/2-1/2"]
[WhiteElo "2076"]
[BlackElo "2281"]
[PlyCount "23"]
[EventDate "2009.08.02"]
[EventType "swiss"]
[EventRounds "9"]
[EventCountry "ESP"]
[SourceTitle "CBM 131 Extra"]
[Source "ChessBase"]
[SourceDate "2009.09.03"]
[SourceVersion "2"]
[SourceVersionDate "2009.09.16"]
[SourceQuality "1"]

1. d4 e6 2. e4 d5 3. exd5 exd5 4. Bd3 Nc6 5. c3 Bd6 6. Ne2 Qh4 7. Na3 a6 8. Qd2 h6 9. Nf4 Nge7 10. g3 Qf6 11. Qe2 0-0 12. Nh5 1/2-1/2

[Event "Barcelona Ateneu Colon op 4th"]
[Site "Barcelona"]
[Date "2009.05.05"]
[Round "3"]
[White "Picanol Alemany, Antonio"]
[Black "Miralles Brugues, Rafael"]
[Result "1/2-1/2"]
[WhiteElo "2288"]
[BlackElo "2064"]
[PlyCount "38"]
[EventDate "2009.04.21"]
[EventType "swiss"]
[EventRounds "9"]
[EventCountry "ESP"]
[SourceTitle "EXT 2011"]
[Source "ChessBase"]
[SourceDate "2010.11.26"]
[SourceVersion "1"]
[SourceVersionDate "2010.11.26"]
[SourceQuality "1"]

1. e4 c6 2. d4 d5 3. exd5 cxd5 4. c4 Nf6 5. Nc3 e6 6. Nf3 Be7 7. c5 0-0 8. Bg5 b6 9. b4 a5 10. Na4 Nbd7 11. Rc1 Ne4 12. Bxe7 Qxe7 13. a3 axb4 14. axb4 e5 15. Bb5 exd4 16. 0-0 bxc5 17. bxc5 Ndxc5 18. Nb6 Rb8 19. Nxd5 Qd6 1/2-1/2